Statistiken für Wertvollste Firmen der welt

Klicken Sie hier um das Quiz zu spielen!

Allgemein

  • Dieses Quiz wurde 60 mal gespielt
  • Das Durchschnittsergebnis liegt bei 4 aus 10

Antwortstatistiken

HintAntwort% Korrekt
1Apple
94%
4Amazon
69%
2Microsoft
69%
3Google
56%
5Tesla
56%
6Alibaba
10%
9Tencent
6%
8Johnson & Johnson
4%
7UnitedHealth
0%
10Taiwan Semiconduct.Manufact
0%

Verteilung der Resultate

Perzentil nach korrekt beantworteten Fragen

Anzahl Personen mit jedem Resultat

Ihre Resultats-Entwicklung

Sie haben dieses Quiz noch nicht gespielt